První kroky na burze
Saved in:
| Main Author: | |
|---|---|
| Format: | Book |
| Language: | Czech |
| Published: |
Brno
Computer Press
2008
|
| Subjects: | |
| Tags: |
No Tags, Be the first to tag this record!
|
MARC
| LEADER | 00000nam$a2200000$$$4500 | ||
|---|---|---|---|
| 001 | 0074072 | ||
| 005 | 20240311131321.7 | ||
| 020 | |a 978-80-251-1915-0 | ||
| 041 | 0 | |a cze | |
| 044 | |a CZ | ||
| 245 | 1 | 0 | |a První kroky na burze |c Ludvík Turek a Czechwealth team |
| 264 | 1 | |a Brno |b Computer Press |c 2008 | |
| 300 | |a 154 s. | ||
| 610 | 2 | 0 | |a burzy |
| 610 | 2 | 0 | |a trh finančný |
| 610 | 2 | 0 | |a akcie |
| 610 | 2 | 0 | |a komodity |
| 610 | 2 | 0 | |a investície |
| 610 | 2 | 0 | |a burzovníctvo |
| 610 | 2 | 0 | |a burzy komoditné |
| 100 | 1 | |a Turek, Ludvík | |